[Event "Schachfestival Open-A 2018"]
[Site "Lueneburg"]
[Date "2018.07.08"]
[Round "4"]
[White "Joehnk, Christian"]
[Black "Boehm, Juergen"]
[Result "1/2-1/2"]
[WhiteElo "1996"]
[BlackElo "2233"]
[Annotator "NA"]
[PlyCount "61"]
[EventDate "2018.07.06"]
[EventType "swiss"]
[EventCountry "GER"]
[SourceTitle "playchess.com"]
[Source "ChessBase"]
[SourceQuality "1"]
[TimeControl "40/5400+30:1800+30"]

1. d4 {[%emt 0:01:56]} g6 {[%emt 0:00:00]} 2. Nf3 {[%emt 0:00:13]} Bg7 {[%emt 0:00:01]} 3. Bf4 {[%emt 0:01:31]} d6 {[%emt 0:00:52]} 4. c3 {[%emt 0:01:17]} Nd7 {[%emt 0:00:57]} 5. e3 {[%emt 0:01:51]} e5 {[%emt 0:01:44]} 6. dxe5 {[%emt 0:00:17]} dxe5 {[%emt 0:00:26]} 7. Bg5 {[%emt 0:01:55]} f6 {[%emt 0:06:39]} 8. Bh4 {[%emt 0:00:06]} Nh6 {[%emt 0:00:29]} 9. e4 {[%emt 0:06:22]} Qe7 {[%emt 0:00:39]} 10. Bc4 {[%emt 0:02:37]} Nf7 {[%emt 0:14:17]} 11. Qe2 {[%emt 0:24:43]} Nb6 {[%emt 0:07:43]} 12. Bb3 {[%emt 0:00:58]} Be6 {[%emt 0:01:05]} 13. Na3 {[%emt 0:04:24]} O-O {[%emt 0:06:13]} 14. Nd2 {[%emt 0:05:16]} a5 {[%emt 0:03:14]} 15. f3 {[%emt 0:02:41]} a4 {[%emt 0:01:35]} 16. Bxe6 {[%emt 0:03:43]} Qxe6 {[%emt 0:00:08]} 17. Bf2 {[%emt 0:00:06]} Rfd8 {[%emt 0:03:13]} 18. O-O {[%emt 0:07:24]} Rd7 {[%emt 0:08:29]} 19. Be3 {[%emt 0:15:20]} Rad8 {[%emt 0:05:59]} 20. Ndc4 {[%emt 0:00:40]} Nxc4 {[%emt 0:02:18]} 21. Qxc4 {[%emt 0:01:00]} Qxc4 {[%emt 0:03:46]} 22. Nxc4 {[%emt 0:00:02]} Rd3 {[%emt 0:04:42]} 23. Kf2 {[%emt 0:01:06]} Bh6 {[%emt 0:04:51]} 24. Bxh6 {[%emt 0:02:04]} Nxh6 {[%emt 0:00:06]} 25. Rfe1 {[%emt 0:00:11]} b5 {[%emt 0:02:09]} 26. Ne3 {[%emt 0:00:54]} c6 {[%emt 0:01:59]} 27. Rad1 {[%emt 0:00:53]} Nf7 {[%emt 0:05:27]} 28. Ke2 {[%emt 0:00:28]} Rxd1 {[%emt 0:00:25]} 29. Rxd1 {[%emt 0:00:02]} Rxd1 {[%emt 0:00:19]} 30. Kxd1 {[%emt 0:01:22]} Kf8 {[%emt 0:01:10]} 31. Ke1 1/2-1/2

[Event "Schachfestival Open-A 2018"]
[Site "Lueneburg"]
[Date "2018.07.08"]
[Round "4"]
[White "Hoffmann, Lennard"]
[Black "Buchenau, Frank"]
[Result "0-1"]
[WhiteElo "1981"]
[BlackElo "2275"]
[Annotator "NA"]
[PlyCount "80"]
[EventDate "2018.07.06"]
[EventType "swiss"]
[EventCountry "GER"]
[SourceTitle "playchess.com"]
[Source "ChessBase"]
[SourceQuality "1"]
[TimeControl "40/5400+30:1800+30"]

1. e4 {[%emt 0:00:00]} e6 {[%emt 0:00:00]} 2. d4 {[%emt 0:00:00]} d5 {[%emt 0:00:00]} 3. Nc3 {[%emt 0:00:00]} Nf6 {[%emt 0:00:00]} 4. e5 {[%emt 0:00:40]} Nfd7 {[%emt 0:00:02]} 5. f4 {[%emt 0:00:13]} c5 {[%emt 0:00:07]} 6. Be3 {[%emt 0:01:01]} cxd4 {[%emt 0:00:44]} 7. Bxd4 {[%emt 0:00:47]} Nc6 {[%emt 0:00:07]} 8. Nf3 {[%emt 0:01:54]} Nxd4 {[%emt 0:02:03] C11: Französische Verteidigung} 9. Nxd4 {[%emt 0:00:39]} Bc5 {[%emt 0:03:41]} 10. Qd2 {[%emt 0:02:03]} Nxe5 {[%emt 0:06:18]} 11. O-O-O {[%emt 0:10:15]} Nc6 {[%emt 0:01:47]} 12. Nf3 $146 {[%emt 0:03:49]} ({Vorgänger:} 12. Bb5 Bd7 13. Nb3 Be7 14. Nxd5 exd5 15. Qxd5 Qc7 16. Rhe1 O-O-O 17. Qxf7 Bf6 18. Nc5 Qxf4+ 19. Kb1 Qb4 {0-1 (19) Soderberg,P (2222)-Wiedenkeller,M (2519) Sweden 2004}) 12... O-O {[%emt 0:02:20]} 13. Bd3 {[%emt 0:01:50]} Qa5 {[%emt 0:03:50]} 14. Bxh7+ {[%emt 0:06:37]} Kxh7 {[%emt 0:10:57]} 15. Ng5+ {[%emt 0:00:47]} Kg6 {[%emt 0:08:13]} 16. Qd3+ {[%emt 0:01:07]} Kf6 {[%emt 0:04:07]} 17. Nh7+ {[%emt 0:09:14]} Ke7 {[%emt 0:00:13]} 18. Rhe1 {[%emt 0:01:43]} d4 {[%emt 0:03:51]} 19. Nd5+ {[%emt 0:01:00]} Kd8 {[%emt 0:01:06]} 20. Nxf8 {[%emt 0:11:21]} Bxf8 {[%emt 0:02:45]} 21. Nc3 {[%emt 0:01:29]} Ke8 {[%emt 0:09:44]} 22. Nb5 {[%emt 0:01:41]} Bd7 {[%emt 0:10:13]} 23. Nxd4 {[%emt 0:04:43]} Nxd4 {[%emt 0:06:48]} 24. Qxd4 {[%emt 0:00:08]} Bc6 {[%emt 0:00:43]} 25. Re5 {[%emt 0:05:24]} Qxa2 {[%emt 0:02:46]} 26. Rd3 {[%emt 0:00:22]} Qa1+ {[%emt 0:02:39]} 27. Kd2 {[%emt 0:01:50]} Qf1 {[%emt 0:01:10]} 28. f5 {[%emt 0:01:57]} Qxg2+ {[%emt 0:01:47]} 29. Kc3 {[%emt 0:03:07]} Rc8 {[%emt 0:03:54]} 30. Kb3 {[%emt 0:00:10]} Be7 {[%emt 0:02:34]} 31. fxe6 {[%emt 0:01:29]} Rd8 {[%emt 0:04:16]} 32. exf7+ {[%emt 0:01:34]} Kf8 {[%emt 0:00:13]} 33. Qc4 {[%emt 0:01:29]} Rxd3+ {[%emt 0:00:32]} 34. Qxd3 {[%emt 0:02:22]} Qf3 {[%emt 0:02:01]} 35. Re3 {[%emt 0:03:54]} Qxf7+ {[%emt 0:01:00]} 36. c4 {[%emt 0:00:13]} b5 {[%emt 0:00:47]} 37. Kc3 $19 {[%emt 0:01:59]} Bf6+ {[%emt 0:00:33]} 38. Kd2 {[%emt 0:00:35]} Bg5 {[%emt 0:01:12]} 39. Qd6+ {[%emt 0:00:04]} Kg8 {[%emt 0:00:17]} 40. Qxc6 {[%emt 0:00:16]} Qf2+ {[%emt 0:00:10]} 0-1

[Event "Schachfestival Open-A 2018"]
[Site "Lueneburg"]
[Date "2018.07.08"]
[Round "4"]
[White "Stolberg-Rohr, Thomine"]
[Black "Poeck, Ole"]
[Result "0-1"]
[WhiteElo "1975"]
[BlackElo "2195"]
[Annotator "NA"]
[PlyCount "66"]
[EventDate "2018.07.06"]
[EventType "swiss"]
[EventCountry "GER"]
[SourceTitle "playchess.com"]
[Source "ChessBase"]
[SourceQuality "1"]
[TimeControl "40/5400+30:1800+30"]

1. d4 {[%emt 0:00:00]} Nf6 {[%emt 0:00:00]} 2. c4 {[%emt 0:00:00]} e6 {[%emt 0:00:00]} 3. Nc3 {[%emt 0:00:13]} Bb4 {[%emt 0:00:05]} 4. Qc2 {[%emt 0:00:18]} O-O {[%emt 0:00:09]} 5. a3 {[%emt 0:00:41]} Bxc3+ {[%emt 0:00:07]} 6. Qxc3 {[%emt 0:00:20]} d5 {[%emt 0:01:49]} 7. Bg5 {[%emt 0:01:38]} h6 {[%emt 0:00:41]} 8. Bh4 {[%emt 0:00:30]} c5 {[%emt 0:00:58]} 9. cxd5 {[%emt 0:13:20]} cxd4 {[%emt 0:01:09]} 10. Qxd4 {[%emt 0:01:17]} Nc6 {[%emt 0:00:14]} 11. Qd2 {[%emt 0:10:37]} exd5 $15 {[%emt 0:00:56]} 12. Rd1 {[%emt 0:13:02]} Re8 {[%emt 0:01:18]} 13. Nf3 {[%emt 0:02:13]} Bg4 {[%emt 0:21:07]} 14. h3 {[%emt 0:06:39]} Bxf3 {[%emt 0:02:26]} 15. gxf3 {[%emt 0:00:09]} Ne5 {[%emt 0:03:12]} 16. Bg2 {[%emt 0:02:14]} Ng6 {[%emt 0:04:37]} 17. Bg3 {[%emt 0:06:12]} Qe7 {[%emt 0:02:09]} 18. e3 {[%emt 0:08:11]} Nh5 {[%emt 0:01:28]} 19. O-O {[%emt 0:07:09]} Rad8 {[%emt 0:03:02]} 20. Rfe1 {[%emt 0:03:32]} Nh4 {[%emt 0:05:04]} 21. Bxh4 {[%emt 0:02:20]} Qxh4 {[%emt 0:00:07]} 22. Qd4 {[%emt 0:00:27]} Qg5 {[%emt 0:03:05]} 23. Qxa7 {[%emt 0:03:48]} Re6 {[%emt 0:01:52]} 24. Rd4 {[%emt 0:03:59]} f5 {[%emt 0:02:56]} 25. f4 {[%emt 0:03:06]} Nxf4 {[%emt 0:00:41]} 26. exf4 {[%emt 0:01:23]} Rxe1+ {[%emt 0:00:19]} 27. Kh2 {[%emt 0:00:07]} Qh4 {[%emt 0:01:37]} 28. Qa5 {[%emt 0:02:16]} Re2 {[%emt 0:02:41]} 29. Qb6 {[%emt 0:04:59]} Kh7 {[%emt 0:00:38]} 30. Rd3 {[%emt 0:02:00]} Qxf2 {[%emt 0:03:26]} 31. Qxf2 {[%emt 0:00:41]} Rxf2 {[%emt 0:00:03]} 32. Kg3 {[%emt 0:00:30]} Rxb2 {[%emt 0:00:07]} 33. Bxd5 {[%emt 0:00:30]} Rb5 {[%emt 0:00:28]} 0-1

[Event "Schachfestival Open-A 2018"]
[Site "Lueneburg"]
[Date "2018.07.08"]
[Round "4"]
[White "Mieck, Jale"]
[Black "Puschendorf, Steffen"]
[Result "1/2-1/2"]
[WhiteElo "1951"]
[BlackElo "2153"]
[Annotator "NA"]
[PlyCount "115"]
[EventDate "2018.07.06"]
[EventType "swiss"]
[EventCountry "GER"]
[SourceTitle "playchess.com"]
[Source "ChessBase"]
[SourceQuality "1"]
[TimeControl "40/5400+30:1800+30"]

1. e4 {[%emt 0:00:37]} e6 {[%emt 0:00:00]} 2. d4 {[%emt 0:00:11]} d5 {[%emt 0:00:00]} 3. Bd3 {[%emt 0:00:09]} dxe4 {[%emt 0:03:33]} 4. Bxe4 {[%emt 0:00:04]} Nf6 {[%emt 0:00:15]} 5. Bf3 {[%emt 0:00:05]} c5 {[%emt 0:02:48]} 6. Ne2 {[%emt 0:00:30]} Qb6 {[%emt 0:05:55]} 7. O-O {[%emt 0:17:09]} Bd7 {[%emt 0:02:30]} 8. Nbc3 {[%emt 0:02:19]} Bc6 {[%emt 0:05:01]} 9. d5 $18 {[%emt 0:04:30]} exd5 {[%emt 0:04:00]} 10. Nxd5 {[%emt 0:01:02]} Nxd5 {[%emt 0:03:00]} 11. Bxd5 {[%emt 0:00:09]} Bxd5 {[%emt 0:01:05]} 12. Qxd5 {[%emt 0:00:07]} Nc6 {[%emt 0:00:14]} 13. Bg5 {[%emt 0:06:59]} Be7 {[%emt 0:04:08]} 14. Nc3 {[%emt 0:12:33]} O-O {[%emt 0:18:05]} 15. Na4 {[%emt 0:03:01]} Qa5 {[%emt 0:11:30]} 16. Bxe7 {[%emt 0:01:00]} Nxe7 {[%emt 0:00:09]} 17. Qxc5 {[%emt 0:02:40]} Qxa4 {[%emt 0:00:40]} 18. Qxe7 {[%emt 0:00:08]} Rfe8 {[%emt 0:00:46]} 19. Qxb7 {[%emt 0:00:43]} Rab8 {[%emt 0:00:20]} 20. b3 {[%emt 0:02:04]} Rxb7 {[%emt 0:03:56]} 21. bxa4 {[%emt 0:00:05]} Rb2 {[%emt 0:02:45]} 22. Rfb1 {[%emt 0:04:33]} Reb8 {[%emt 0:03:10]} 23. Rxb2 {[%emt 0:01:18]} Rxb2 {[%emt 0:00:02]} 24. Rd1 {[%emt 0:00:13]} Kf8 {[%emt 0:01:05]} 25. Kf1 {[%emt 0:00:21]} Rxa2 {[%emt 0:04:08]} 26. Rd4 {[%emt 0:00:15]} Ke7 {[%emt 0:01:01]} 27. Rc4 {[%emt 0:00:30]} Kd6 {[%emt 0:01:19]} 28. Ke2 {[%emt 0:00:44]} a5 {[%emt 0:02:35]} 29. Kd3 {[%emt 0:00:57]} Ra3+ {[%emt 0:01:17]} 30. c3 {[%emt 0:01:06]} Ra2 {[%emt 0:01:27]} 31. Rf4 {[%emt 0:01:39]} Ke6 {[%emt 0:04:29]} 32. h4 {[%emt 0:01:06]} f5 {[%emt 0:03:59]} 33. Ke3 {[%emt 0:02:19]} g6 {[%emt 0:03:16]} 34. g4 {[%emt 0:03:24]} Ke5 {[%emt 0:02:07]} 35. h5 {[%emt 0:02:45]} Ra3 {[%emt 0:02:35]} 36. Rc4 {[%emt 0:00:48]} Kd5 {[%emt 0:00:07]} 37. Kd3 {[%emt 0:01:17]} Ra2 {[%emt 0:00:29]} 38. gxf5 {[%emt 0:04:27]} gxf5 {[%emt 0:00:45]} 39. Rc7 {[%emt 0:02:59]} Rxa4 {[%emt 0:02:04]} 40. c4+ {[%emt 0:01:56]} Ke5 {[%emt 0:00:18]} 41. Rxh7 {[%emt 0:30:19]} Ra3+ {[%emt 0:31:56]} 42. Ke2 {[%emt 0:05:05]} Ra2+ {[%emt 0:00:00]} 43. Kf3 {[%emt 0:00:00]} Ra3+ {[%emt 0:00:00]} 44. Kg2 {[%emt 0:00:00]} Kf6 {[%emt 0:00:00]} 45. c5 {[%emt 0:00:00]} Rc3 {[%emt 0:00:00]} 46. c6 {[%emt 0:00:00]} Kg5 {[%emt 0:00:00]} 47. Ra7 {[%emt 0:00:00]} Rxc6 {[%emt 0:00:00]} 48. Rxa5 {[%emt 0:00:00]} Kg4 {[%emt 0:00:00]} 49. Ra8 {[%emt 0:00:00]} Rh6 {[%emt 0:00:00]} 50. Rg8+ {[%emt 0:00:00]} Kf4 {[%emt 0:00:00]} 51. Ra8 {[%emt 0:00:00]} Rxh5 {[%emt 0:00:00]} 52. Ra4+ {[%emt 0:00:00]} Kg5 {[%emt 0:00:00]} 53. Kg3 {[%emt 0:00:00]} Rh8 {[%emt 0:01:01]} 54. Kf3 {[%emt 0:00:00]} Rh3+ {[%emt 0:00:36]} 55. Kg2 {[%emt 0:00:00]} Rb3 {[%emt 0:00:18]} 56. Ra8 {[%emt 0:00:00]} Kg4 {[%emt 0:01:04]} 57. Rg8+ {[%emt 0:00:00]} Kf4 {[%emt 0:00:11]} 58. Ra8 {[%emt 0:00:00]} 1/2-1/2

[Event "Schachfestival Open-A 2018"]
[Site "Lueneburg"]
[Date "2018.07.08"]
[Round "4"]
[White "Ploder, Udo"]
[Black "Ramme, Christoph"]
[Result "1/2-1/2"]
[WhiteElo "1874"]
[BlackElo "2158"]
[Annotator "NA"]
[PlyCount "50"]
[EventDate "2018.07.06"]
[EventType "swiss"]
[EventCountry "GER"]
[SourceTitle "playchess.com"]
[Source "ChessBase"]
[SourceQuality "1"]
[TimeControl "40/5400+30:1800+30"]

1. e4 {[%emt 0:00:00]} c5 {[%emt 0:00:00]} 2. Nf3 {[%emt 0:00:00]} d6 {[%emt 0:00:00]} 3. d4 {[%emt 0:00:00]} cxd4 {[%emt 0:00:00]} 4. Nxd4 Nf6 5. Nc3 {[%emt 0:01:41]} a6 {[%emt 0:00:02]} 6. Bg5 {[%emt 0:00:53]} e6 {[%emt 0:00:24]} 7. f4 {[%emt 0:00:12]} Be7 {[%emt 0:00:24]} 8. Qf3 {[%emt 0:01:25]} Qc7 {[%emt 0:01:35]} 9. O-O-O {[%emt 0:01:17]} Nbd7 {[%emt 0:00:59]} 10. Bd3 {[%emt 0:00:48]} h6 {[%emt 0:05:12]} 11. Bh4 {[%emt 0:04:23]} g5 {[%emt 0:03:31]} 12. fxg5 {[%emt 0:00:15]} Ne5 {[%emt 0:00:28]} 13. Qe2 {[%emt 0:04:23]} Nh7 {[%emt 0:06:01]} 14. Bg3 {[%emt 0:04:41]} Bxg5+ {[%emt 0:06:47]} 15. Kb1 {[%emt 0:00:11]} Bd7 {[%emt 0:08:07]} 16. Nf3 {[%emt 0:07:10]} Bf6 {[%emt 0:14:45]} 17. Nxe5 {[%emt 0:08:21]} Bxe5 {[%emt 0:00:47]} 18. Bxe5 {[%emt 0:00:13]} dxe5 {[%emt 0:00:24]} 19. Rhf1 {[%emt 0:00:39]} Nf8 {[%emt 0:06:50]} 20. Qf3 {[%emt 0:04:35]} Rh7 {[%emt 0:02:15]} 21. Qf6 {[%emt 0:02:29]} Ng6 {[%emt 0:01:26]} 22. g3 {[%emt 0:09:04]} Qd8 {[%emt 0:01:31]} 23. Qf2 {[%emt 0:01:31]} Qc7 {[%emt 0:00:45]} 24. Qf6 {[%emt 0:04:44]} Qd8 {[%emt 0:03:52]} 25. Qf2 {[%emt 0:02:03]} Bc8 1/2-1/2

[Event "Schachfestival Open-A 2018"]
[Site "Lueneburg"]
[Date "2018.07.09"]
[Round "5"]
[White "Mirzoev, Azer"]
[Black "Sriram, Jha"]
[Result "1/2-1/2"]
[WhiteElo "2506"]
[BlackElo "2409"]
[Annotator "ChessBase"]
[PlyCount "24"]
[EventDate "2018.07.06"]
[EventType "swiss"]
[EventCountry "GER"]
[SourceTitle "playchess.com"]
[Source "ChessBase"]
[SourceQuality "1"]
[TimeControl "40/5400+30:1800+30"]

1. d4 {[%emt 0:04:34]} d5 {[%emt 0:00:00]} 2. c4 {[%emt 0:01:07]} c6 {[%emt 0:00:00]} 3. Nc3 {[%emt 0:00:07]} Nf6 {[%emt 0:00:00]} 4. cxd5 {[%emt 0:00:07]} cxd5 {[%emt 0:00:00]} 5. Bf4 {[%emt 0:00:09]} Nc6 {[%emt 0:00:01]} 6. e3 {[%emt 0:00:28]} Bf5 {[%emt 0:00:17]} 7. Bd3 {[%emt 0:01:01]} Bxd3 {[%emt 0:01:59]} 8. Qxd3 {[%emt 0:00:12]} e6 {[%emt 0:00:05]} 9. Nge2 {[%emt 0:00:09]} Bd6 {[%emt 0:00:09]} 10. Bxd6 {[%emt 0:00:34]} Qxd6 {[%emt 0:00:04]} 11. O-O {[%emt 0:00:53]} O-O {[%emt 0:00:18]} 12. Rfc1 {[%emt 0:00:07]} Rfc8 {[%emt 0:00:10]} 1/2-1/2

[Event "Schachfestival Open-A 2018"]
[Site "Lueneburg"]
[Date "2018.07.09"]
[Round "5"]
[White "Malakhatko, Vadim"]
[Black "Vorobiov, Evgeny E"]
[Result "1/2-1/2"]
[WhiteElo "2499"]
[BlackElo "2564"]
[Annotator "ChessBase"]
[PlyCount "21"]
[EventDate "2018.07.06"]
[EventType "swiss"]
[EventCountry "GER"]
[SourceTitle "playchess.com"]
[Source "ChessBase"]
[SourceQuality "1"]
[TimeControl "40/5400+30:1800+30"]

1. Nf3 {[%emt 0:00:00]} d5 {[%emt 0:00:00]} 2. c4 {[%emt 0:00:00]} dxc4 {[%emt 0:00:34]} 3. e3 {[%emt 0:00:02]} Nf6 {[%emt 0:00:13]} 4. Bxc4 {[%emt 0:00:07]} e6 {[%emt 0:00:04]} 5. d4 {[%emt 0:00:08]} c5 {[%emt 0:00:08]} 6. O-O {[%emt 0:00:06]} a6 {[%emt 0:00:02]} 7. dxc5 {[%emt 0:00:07]} Qxd1 {[%emt 0:00:08]} 8. Rxd1 {[%emt 0:00:04]} Bxc5 {[%emt 0:00:05]} 9. Be2 {[%emt 0:00:12]} Nbd7 {[%emt 0:00:36]} 10. Nbd2 {[%emt 0:00:10]} b6 {[%emt 0:00:23]} 11. Nc4 {[%emt 0:00:07]} 1/2-1/2

[Event "Schachfestival Open-A 2018"]
[Site "Lueneburg"]
[Date "2018.07.09"]
[Round "5"]
[White "Karpatchev, Aleksandr"]
[Black "Simantsev, Mikhail"]
[Result "1/2-1/2"]
[WhiteElo "2469"]
[BlackElo "2434"]
[Annotator "ChessBase"]
[PlyCount "21"]
[EventDate "2018.07.06"]
[EventType "swiss"]
[EventCountry "GER"]
[SourceTitle "playchess.com"]
[Source "ChessBase"]
[SourceQuality "1"]
[TimeControl "40/5400+30:1800+30"]

1. e4 {[%emt 0:00:26]} e5 {[%emt 0:00:00]} 2. Nf3 {[%emt 0:00:04]} Nc6 {[%emt 0:00:00]} 3. Nc3 {[%emt 0:00:06]} Nf6 {[%emt 0:00:00]} 4. d4 {[%emt 0:00:05]} exd4 {[%emt 0:00:00]} 5. Nxd4 Bb4 {[%emt 0:00:00]} 6. Nxc6 {[%emt 0:00:10]} bxc6 {[%emt 0:00:00]} 7. Bd3 {[%emt 0:00:09]} d5 {[%emt 0:00:00]} 8. exd5 {[%emt 0:00:05]} cxd5 {[%emt 0:00:00]} 9. O-O {[%emt 0:00:08]} O-O {[%emt 0:00:02]} 10. h3 {[%emt 0:00:07]} c6 {[%emt 0:00:04]} 11. Qf3 {[%emt 0:00:04]} 1/2-1/2

[Event "Schachfestival Open-A 2018"]
[Site "Lueneburg"]
[Date "2018.07.09"]
[Round "5"]
[White "Genov, Petar"]
[Black "Utiatskaja, Irina"]
[Result "1/2-1/2"]
[WhiteElo "2435"]
[BlackElo "2155"]
[Annotator "NA"]
[PlyCount "77"]
[EventDate "2018.07.06"]
[EventType "swiss"]
[EventCountry "GER"]
[SourceTitle "playchess.com"]
[Source "ChessBase"]
[SourceQuality "1"]
[TimeControl "40/5400+30:1800+30"]

1. d4 {[%emt 0:14:58]} d5 {[%emt 0:00:11]} 2. Nf3 {[%emt 0:03:14]} Nf6 {[%emt 0:00:06]} 3. e3 {[%emt 0:06:33]} g6 {[%emt 0:02:15]} 4. Be2 {[%emt 0:02:44]} c5 {[%emt 0:03:50]} 5. O-O {[%emt 0:00:40]} Bg7 {[%emt 0:00:28]} 6. b3 $11 {[%emt 0:07:09]} O-O {[%emt 0:01:32]} 7. Bb2 {[%emt 0:00:26]} cxd4 {[%emt 0:09:44]} 8. exd4 {[%emt 0:07:41]} Nc6 {[%emt 0:01:12]} 9. Nbd2 {[%emt 0:01:49]} Ne4 {[%emt 0:09:09]} 10. Bd3 {[%emt 0:24:42]} Nc5 {[%emt 0:03:29]} 11. Bb5 {[%emt 0:01:46]} Ne6 {[%emt 0:09:42]} 12. c3 {[%emt 0:01:04]} Nf4 {[%emt 0:01:18]} 13. g3 {[%emt 0:07:45]} Nh5 {[%emt 0:06:29]} 14. Re1 {[%emt 0:00:34]} Bg4 {[%emt 0:01:14]} 15. Be2 {[%emt 0:01:07]} Re8 {[%emt 0:01:57]} 16. Ne5 {[%emt 0:01:14]} Bxe2 {[%emt 0:02:14]} 17. Qxe2 {[%emt 0:00:16]} Nf6 {[%emt 0:01:07]} 18. Ndf3 {[%emt 0:05:13]} Ne4 {[%emt 0:04:09]} 19. c4 {[%emt 0:03:00]} Nd6 {[%emt 0:12:00]} 20. Rac1 {[%emt 0:05:20]} dxc4 {[%emt 0:02:22]} 21. bxc4 {[%emt 0:00:23]} e6 {[%emt 0:02:15]} 22. Nxc6 {[%emt 0:00:47]} bxc6 {[%emt 0:00:04]} 23. Ne5 {[%emt 0:00:06]} Rc8 {[%emt 0:03:48]} 24. Qf3 {[%emt 0:00:05]} Qc7 {[%emt 0:04:42]} 25. Ba1 {[%emt 0:02:12]} Nf5 {[%emt 0:02:06]} 26. Qe4 {[%emt 0:00:07]} Nd6 {[%emt 0:01:57]} 27. Qf3 {[%emt 0:00:33]} Nf5 {[%emt 0:00:09]} 28. Qe4 {[%emt 0:00:33]} Nd6 {[%emt 0:00:04]} 29. Qe2 {[%emt 0:00:27]} Nf5 {[%emt 0:00:51]} 30. f4 {[%emt 0:00:27]} Rcd8 {[%emt 0:05:43]} 31. Qe4 {[%emt 0:00:57]} c5 {[%emt 0:01:19]} 32. dxc5 {[%emt 0:00:27]} Qxc5+ {[%emt 0:00:03]} 33. Kh1 {[%emt 0:00:44]} Rd2 {[%emt 0:00:51]} 34. Re2 {[%emt 0:00:21]} Qa3 {[%emt 0:00:57]} 35. Rce1 {[%emt 0:01:04]} Qxa2 {[%emt 0:00:46]} 36. Rxd2 {[%emt 0:00:30]} Qxd2 {[%emt 0:00:04]} 37. c5 {[%emt 0:00:24]} Qd5 {[%emt 0:05:05]} 38. Qxd5 exd5 39. Rb1 1/2-1/2

[Event "Schachfestival Open-A 2018"]
[Site "Lueneburg"]
[Date "2018.07.09"]
[Round "5"]
[White "Kumsiashvili, Nikoloz"]
[Black "Moeller, Dustin"]
[Result "1-0"]
[WhiteElo "2411"]
[BlackElo "2140"]
[Annotator "TA"]
[PlyCount "111"]
[EventDate "2018.07.06"]
[EventType "swiss"]
[EventCountry "GER"]
[SourceTitle "playchess.com"]
[Source "ChessBase"]
[SourceQuality "1"]

{[%evp 23,111,-17,29,-31,12,-29,-43,-38,-50,-54,0,0,10,14,14,10,24,18,21,31,46,46,37,41,52,43,49,52,78,69,80,11,12,10,17,12,125,85,108,110,105,108,150,145,160,156,158,137,215,229,225,207,254,170,177,168,206,148,157,129,222,205,222,222,190,167,801,1048,860,1019,1433,1450,1419,1481,1194,959,640,91,3609,2257,1736,1592,5075,2679,29967,29969,29965,29969,29967,29965]} 1. e4 e6 2. d4 d5 3. Nc3 Nf6 4. e5 Nfd7 5. f4 c5 6. Nf3 Nc6 7. Be3 Be7 8. Qd2 a6 9. dxc5 Nxc5 {C11: French: Classical System: 4 e5 and 4 Bg5 dxe4} 10. O-O-O Qa5 11. Kb1 b5 12. Ne2 b4 {LiveBook: 3 Games} 13. Bxc5 (13. h4 $11) 13... Bxc5 14. Ned4 (14. f5 $5) 14... Nxd4 15. Nxd4 Qb6 16. h4 {[#]} Bxd4 $146 ({Better is} 16... O-O $15) ({Predecessor:} 16... O-O 17. h5 {1-0 (47) Lei,T (2471)-Ju,W (2596) China 2017}) 17. Qxd4 $11 Qxd4 18. Rxd4 a5 19. Rh3 f6 20. exf6 gxf6 21. Re3 Kf7 22. a3 bxa3 23. Rxa3 Ba6 24. Bxa6 Rxa6 $14 {[%mdl 4096] Endgame KRR-KRR} 25. f5 exf5 26. Rxd5 Rg8 27. Rd7+ ({Much weaker is} 27. Raxa5 Rxa5 28. Rxa5 Ke6 $11) ({White should try} 27. g3 $16) 27... Ke6 $11 28. Rxh7 f4 29. Rf3 Ke5 (29... Rxg2 $11 {keeps the balance.} 30. Rxf4 Rc6) 30. Re7+ Kf5 31. Re2 Rg4 32. Ref2 Ke4 33. Rh3 Ra8 {[#]} 34. h5 $1 {[%cal Bh4h5,Bh5h6][%mdl 32]} Rh8 35. h6 Kf5 (35... Ke5 $16 36. c4 Rg6) 36. g3 $1 $18 Kg5 37. gxf4+ Rxf4 38. Rg3+ Kf5 39. Rh2 Rg4 40. Ra3 a4 41. h7 Kg6 (41... Rg7 $16 42. Rah3 (42. Rxa4 Rgxh7 43. Rf2+ Kg6 $16) 42... Ke5) 42. Rah3 f5 43. Rh6+ Kg5 44. Ra6 Rh4 $2 (44... Rg1+ 45. Ka2 Rg4) 45. Rxh4 Kxh4 46. Rxa4+ {KR-KR} Kg3 47. Ra7 f4 48. Rg7+ Kf2 49. b4 f3 {[#]} 50. b5 $2 (50. Kc1 $1 $18 {is the precise move to win.}) 50... Ke2 $2 {[%mdl 8192]} (50... Ke3 $16) 51. Re7+ Kd2 52. Rf7 Ke2 53. b6 {[%cal Bb5b6,Bb6b7][%mdl 32]} f2 54. b7 {White mates.} Rb8 55. Kc1 Ke3 56. c4 {Precision: White = 65%, Black = 25%.} 1-0